| Поле | Инд. | ПП | Название | Значение |
|---|---|---|---|---|
| Тип записи | a | |||
| Библиографический уровень | b | |||
| 001 | Контрольный номер | RU/IS/BASE/124290194 | ||
| 005 | Дата корректировки | 20200522190817.0 | ||
| 084 | a | Индекс другой классификации/Индекс ББК | 63.3(2)52-8 | |
| 100 | 1_ | a | Автор | Шарафутдинова Р. |
| 245 | a | Заглавие | Имам Шамиль в Петербурге | |
| 600 | a | Персоналии | Шамиль (имам) | |
| 650 | a | Основная рубрика | история | |
| 653 | a | Ключевые слова | XIX век | |
| a | Ключевые слова | Кавказ | ||
| a | Ключевые слова | кавказские народы | ||
| a | Ключевые слова | мусульманское право (шариат) | ||
| a | Ключевые слова | Россия | ||
| a | Ключевые слова | Санкт-Петербург | ||
| a | Ключевые слова | чеченцы | ||
| a | Ключевые слова | Чечня | ||
| 773 | t | Заглавие источника | Наука и религия | |
| d | Дата издания источника | 2003 | ||
| g | Прочая информация | № 11. - С. 29 - 31 : рис. | ||
| w | Контрольный № источника | RU/IS/BASE/123688675 | ||
| 901 | t | Тип документа | b |